000 00692nam a2200277Ia 4500
005 20260324144856.0
008 008 260324s9999 xx 000 0 eng d
020 _a9781315494890
037 _aEBOOK
040 _aCRL
040 _beng
040 _cCRL
041 _2eng
041 _aeng
084 _qCRL
100 _aStephen Carter; Martin McCauley
_91220932
245 0 _aLeadership and Succession in the Soviet Union, Eastern Europe, and China
260 _bTaylor and Francis
260 _c1986
365 _a
365 _b230
856 _uhttp://www.taylorfrancis.com/books/9781315494890
942 _cEBOOK
999 _c1828100
_d1828100